| 000 | 00318nam a22001217a 4500 | ||
|---|---|---|---|
| 999 |
_c15409 _d15409 |
||
| 020 | _a9788183602488 | ||
| 082 |
_a664. _bANS/GA |
||
| 100 |
_aAnsari,Irfan Ahmad _9478 |
||
| 245 | _aGATE solved problems in Food Process Engineering (1990-2017) | ||
| 260 |
_aNew Delhi _bJain Brothers _c2018 |
||
| 300 | _a730p | ||
| 942 | _cBK | ||